| 000 | 00686nam a2200181Ia 4500 | ||
|---|---|---|---|
| 003 | GCL | ||
| 008 | 140319s9999 xx 000 0 ara d | ||
| 040 |
_aGCL / _cGCL |
||
| 082 | 0 | 4 | _a956.9 |
| 245 | 1 | 0 | _aالاسرائليون يتكلمون : حوار بين الاسرائيليين حول القضية الفليسطينية والصراع العربى الاسرائيلى |
| 260 |
_a[S.N] : _bمؤسسة الدراسات الفلسطينية ، _c1977 |
||
| 300 | _a282 ص | ||
| 490 |
_aسلسلة الدراسات _v0 |
||
| 650 | 0 | 4 | _aالنزاع العربى الاسرائيلى |
| 650 | 0 | 4 | _aاسرائيل |
| 650 | 0 | 4 | _aالقضية الفلسطينية |
| 942 |
_2ddc _cBK |
||
| 999 |
_c54714 _d54714 |
||